Представление документа в формате RUSMARC

ПолеНазваниеЗначение
  Тип записи a
  Библиографический уровень m
001 Контрольный номер RU/SLIB/B/208709475
005 Дата корректировки 20250515164244.7
010 Индекс ISBN __
d Цена 110-50; 200-00
101 Язык документа 0_
a Язык текста rus
200 Заглавие и сведения об ответственности 1_
a Заглавие Народы и религии мира
e Сведения, относящиеся к заглавию энциклопедия
f Первые сведения об ответственности гл. ред. В. А. Тишков ; редкол. О. Ю. Артемова [и др.]
b Общее обозначение материала Текст
210 Выходные данные 1_
a Место издания М.
c Издательство Большая Рос. энцикл.
d Дата издания 1998; 1999
215 Физическое описание __
a Объем 928 с.
606 Тематические рубрики __
a Основная рубрика Этнология
606 Тематические рубрики __
a Основная рубрика Религия. Мистика. Свободомыслие
606 Тематические рубрики __
a Основная рубрика Этнология современных народов
610 Ключевые слова 0_
a Ключевые слова отдельные религии; этнография; христианство; православие; буддизм; католицизм; ислам; культура; протестантизм; быт; обряды; религиозная культура; религиозные секты; религиозные обряды; религиозные праздники; секты; традиции
686 Индексы других классификаций __
2 Код системы rubbks
a Классификационный индекс 63.529(0)я2
686 Индексы других классификаций __
a Классификационный индекс 86.3я2; ст63.5я2 + ст86.3я2
702 Вторичная интеллектуальная ответственность _1
a Фамилия Тишков
b Имя В. А.
4 Код отношения Главный редактор
4 Код отношения 651
702 Вторичная интеллектуальная ответственность _1
a Фамилия Артемова
b Имя О. Ю.
4 Код отношения Редактор
4 Код отношения 340
702 Вторичная интеллектуальная ответственность _1
a Фамилия Арутюнов
b Имя С. А.
4 Код отношения Редактор
4 Код отношения 340
702 Вторичная интеллектуальная ответственность _1
a Фамилия Кожановский
b Имя А. Н.
4 Код отношения Редактор
4 Код отношения 340
702 Вторичная интеллектуальная ответственность _1
a Фамилия Макаревич
b Имя В. М.
4 Код отношения Редактор
4 Код отношения 340
801 Источник записи _0
a Страна RU
b Организация Муниципальное бюджетное учреждение культуры "Централизованная библиотечная система" г. Сургут (Центральная городская библиотека им. А. С. Пушкина)
g Правила каталогизации ОБ/Бутенко
801 Источник записи _1
a Страна RU
b Организация Муниципальное бюджетное учреждение культуры "Централизованная библиотечная система" г. Сургут (Центральная городская библиотека им. А. С. Пушкина)
g Правила каталогизации ОБ/Бутенко
852 Данные о местонахождении __
j Шифр хранения 63.529(0)я2
c Каталожный индекс 63.5я2; 86.3я2
i Авторский знак Н 30
p Инвентарный номер 70367; 76156
901 Тип документа __
t Тип документа m
903 Характеристики (МАРС) __
a Дата передачи 20000621
969 Тип издания __
a Тип издания энциклопедия
990 Данные о заказе (DOS) 00
j Количество экземпляров (DOS) 16
t N записи в КСУ для И/У (DOS) 200001